| 000 | 00520nam a2200181Ia 4500 | ||
|---|---|---|---|
| 001 | 13245 | ||
| 005 | 20260306163039.0 | ||
| 008 | 260306t2015||||xx |||||||||||||| ||spa|| | ||
| 041 | _aESP | ||
| 082 |
_a001.42 _bG23I |
||
| 100 |
_aGarcía Córdova, Fernando, _eAUT |
||
| 245 | 0 |
_aInvestigación documental : _bleer, pensar y hablar respecto de un tema definido para escribir bien y con provecho |
|
| 260 | _c2015 | ||
| 300 |
_a213 páginas : _c23 cm. |
||
| 650 | _aGEN | ||
| 654 | _aCHU | ||
| 942 |
_cLIB _dJUS _fJUS _2ddc _n |
||
| 999 |
_c13245 _d13245 |
||